Photoluminescence and degradation of light-emitting polymers /
Saved in:
| Main Author: | |
|---|---|
| Format: | Thesis Book |
| Language: | English |
| Published: |
2001.
|
| Tags: |
Add Tag
No Tags, Be the first to tag this record!
|
| LEADER | 00830cam a2200217 a 4500 | ||
|---|---|---|---|
| 001 | u506355 | ||
| 003 | SIRSI | ||
| 008 | 021112s2001 si a v 00 10 eng m | ||
| 035 | |a ACW-2681 | ||
| 040 | |a UMM | ||
| 090 | |a TK7 |b NUS 2001 Wan | ||
| 100 | 1 | 0 | |a Wang, Huan. |
| 245 | 1 | 0 | |a Photoluminescence and degradation of light-emitting polymers / |c Wang Huan. |
| 260 | |c 2001. | ||
| 300 | |a v, 101 leaves : |b ill. ; |c 30 cm. | ||
| 502 | |a Dissertation (M.Eng.) -- National University of Singapore, 2001. | ||
| 504 | |a Bibliography: leaves 86-91. | ||
| 948 | |a 12/11/2002 |b 12/11/2002 | ||
| 596 | |a 1 | ||
| 999 | |a TK7 NUS 2001 WAN |w LC |c 1 |i A510775236 |l B_KOM4 |m P01UTAMA |r Y |s Y |t TESIS |u 27/11/2002 |o .PUBLIC. BKOM 4 : 45883 | ||
| 999 | |a TK7 NUS 2001 WAN |w LC |c 2 |i A510653395 |d 5/4/2008 |e 5/4/2008 |l B_KOM4 |m P01UTAMA |n 1 |r Y |s Y |t TESIS |u 31/12/2002 |o .PUBLIC. BKOM 4 : 45887 | ||
